[Event "AUTO-ELITE-213"]
[Site "http://www.queenalice.com/game.php?id=459858"]
[Date "2008.9.7"]
[Round "1"]
[White "sergiogvh"]
[Black "iggis"]
[Result "0-1"]
[WhiteElo "2266"]
[BlackElo "2309"]

1. e4 c5 2. d4 cxd4 3. c3 dxc3 4. Nxc3 Nc6 5. Nf3 g6 6. Bc4 Bg7 7. O-O d6 8. Qe2
Nf6 9. Rd1 Bg4 10. h3 Bxf3 11. Qxf3 O-O 12. Bf4 Rc8 13. Qe3 Qa5 14. Be2 Ne5 15.
Rd4 Qc5 16. Qd2 a6 17. Ra4 Qc6 18. Rc1 b5 19. Rb4 Qb7 20. Bxe5 dxe5 21. a4 Rfd8
22. Qe3 Rd4 23. Rxd4 exd4 24. Qxd4 Nxe4 25. Qb4 a5 0-1

[Event "AUTO-ELITE-213"]
[Site "http://www.queenalice.com/game.php?id=459859"]
[Date "2008.9.7"]
[Round "1"]
[White "iggis"]
[Black "sergiogvh"]
[Result "1-0"]
[WhiteElo "2320"]
[BlackElo "2078"]

1. e4 e6 2. d4 d5 3. Nc3 Bb4 4. e5 c5 5. a3 Bxc3+ 6. bxc3 Ne7 7. Qg4 Qc7 8. Qxg7
Rg8 9. Qxh7 cxd4 10. Ne2 Nbc6 11. f4 Bd7 12. Qd3 dxc3 13. Ng3 O-O-O 14. Be2 Qa5
15. Rb1 Kb8 16. O-O Qc5+ 17. Be3 d4 18. Ne4 Qxa3 19. Ra1 Qb2 20. Rfb1 Nd5 21.
Rxb2 cxb2 22. Rb1 dxe3 23. Bf3 Ncb4 24. Qa3 Nxc2 25. Qxb2 Ndb4 26. Nf6 1-0

[Event "AUTO-ELITE-213"]
[Site "http://www.queenalice.com/game.php?id=459866"]
[Date "2008.9.7"]
[Round "1"]
[White "iggis"]
[Black "Chuzete"]
[Result "1/2-1/2"]
[WhiteElo "2285"]
[BlackElo "2290"]

1. e4 c5 2. Nf3 d6 3. d4 cxd4 4. Nxd4 Nf6 5. Nc3 a6 6. Bg5 e6 7. f4 Be7 8. Qf3
Qc7 9. O-O-O Nbd7 10. g4 b5 11. Bxf6 Nxf6 12. g5 Nd7 13. f5 Nc5 14. f6 gxf6 15.
gxf6 Bf8 16. Rg1 h5 17. Rg7 b4 18. Nd5 exd5 19. exd5 Nd7 20. Nc6 Bb7 21. Re1+
Ne5 22. Nxe5 dxe5 23. Bh3 Qd6 24. Qf5 Kd8 25. Rxf7 Bc8 26. Qd3 Bg4 27. Bxg4 hxg4
28. Qf5 Rxh2 29. Rxe5 Rh1+ 30. Kd2 Bh6+ 31. Kd3 Rh3+ 32. Kc4 Rf3 33. Qe6 Rc8+
34. Qxc8+ Kxc8 35. Re8+ Qd8 36. Rxd8+ Kxd8 37. Rg7 Rxf6 38. Rxg4 Bf8 1/2-1/2

[Event "AUTO-ELITE-213"]
[Site "http://www.queenalice.com/game.php?id=459867"]
[Date "2008.9.7"]
[Round "1"]
[White "Chuzete"]
[Black "iggis"]
[Result "0-1"]
[WhiteElo "2246"]
[BlackElo "2236"]

1. Nf3 Nf6 2. c4 g6 3. Nc3 Bg7 4. e4 d6 5. d4 O-O 6. Be2 e5 7. O-O Na6 8. Be3
Ng4 9. Bg5 Qe8 10. dxe5 dxe5 11. h3 h6 12. Bd2 Nf6 13. Be3 Qe7 14. Nd5 Qd8 15.
Nxf6+ Qxf6 16. c5 Nb8 17. b4 Nc6 18. b5 Rd8 19. Qc1 Nd4 20. Nxd4 exd4 21. Bxh6
d3 22. Bxg7 Kxg7 23. Bf3 a6 24. Qa3 Bxh3 0-1

[Event "QA-ANNIV-04"]
[Site "http://www.queenalice.com/game.php?id=479372"]
[Date "2008.10.18"]
[Round "3"]
[White "franchouillard"]
[Black "iggis"]
[Result "1/2-1/2"]
[WhiteElo "2101"]
[BlackElo "2246"]

1. e4 c5 2. Nf3 d6 3. d4 cxd4 4. Nxd4 Nf6 5. Nc3 a6 6. Bg5 e6 7. f4 Be7 8. Qf3
Qc7 9. O-O-O Nbd7 10. g4 b5 11. Bxf6 Nxf6 12. g5 Nd7 13. f5 Nc5 14. f6 gxf6 15.
gxf6 Bf8 16. Qh5 b4 17. Nd5 exd5 18. exd5 Nd7 19. Bh3 Ne5 20. Ne6 Qb6 21. Rhe1
h6 22. Kb1 Ra7 23. Ng7+ Kd8 24. Ne6+ fxe6 25. dxe6 Nc6 26. Bg2 a5 27. Bxc6 Qxc6
28. e7+ Bxe7 29. fxe7+ Rxe7 30. Rxe7 Kxe7 31. Qh4+ Kd7 32. Qg4+ Kd8 33. Qg6 Rf8
34. Qxh6 Rf7 35. Rxd6+ Bd7 36. Qg5+ Ke8 37. Qe5+ Kf8 38. Qh8+ Ke7 39. Qe5+ Kf8
40. Qh8+ Ke7 41. Qe5+ Kf8 1/2-1/2

[Event "AUTO-MASTER-560"]
[Site "http://www.queenalice.com/game.php?id=503303"]
[Date "2008.12.5"]
[Round "2"]
[White "iggis"]
[Black "arauca"]
[Result "1/2-1/2"]
[WhiteElo "2248"]
[BlackElo "2166"]

1. e4 e5 2. Nf3 Nc6 3. Bb5 f5 4. Nc3 fxe4 5. Nxe4 d5 6. Nxe5 dxe4 7. Nxc6 Qg5 8.
Qe2 Nf6 9. f4 Qxf4 10. Nxa7+ Bd7 11. Bxd7+ Kxd7 12. Qb5+ Ke6 13. Qxb7 Bd6 14.
Qb3+ Kd7 15. Qf7+ Be7 16. Qc4 Bd6 17. g3 Qf3 18. Qf7+ Be7 19. Rf1 Qg2 20. Nc6
Kxc6 21. Qxe7 Raf8 22. Qe6+ Kb7 23. Qb3+ Kc8 24. Qb5 Nd7 25. Qa6+ Kb8 26. Qb5+
Kc8 27. Qa6+ Kb8 28. Qb5+ Kc8 1/2-1/2

[Event "AUTO-MASTER-560"]
[Site "http://www.queenalice.com/game.php?id=503304"]
[Date "2008.12.5"]
[Round "2"]
[White "arauca"]
[Black "iggis"]
[Result "0-1"]
[WhiteElo "2166"]
[BlackElo "2242"]

1. e4 c5 2. Nf3 Nc6 3. d4 cxd4 4. Nxd4 g6 5. c4 Bg7 6. Be3 Nf6 7. Nc3 Ng4 8.
Qxg4 Nxd4 9. Qd1 Nc6 10. Qd2 O-O 11. Be2 d6 12. O-O Be6 13. Rac1 Qa5 14. b3 Rac8
15. f4 f5 16. Bf3 fxe4 17. Bxe4 Bf5 18. Bd5+ Kh8 19. h3 Bd7 20. g4 b6 21. Rf2
Nb4 22. Bf3 Nc6 23. Kg2 Qa6 24. Ne2 Rce8 25. Nd4 Qc8 26. Kg3 Nxd4 27. Bxd4 e5
28. Be3 exf4+ 29. Bxf4 Rxf4 30. Kxf4 Be5+ 0-1

[Event "AUTO-MASTER-560"]
[Site "http://www.queenalice.com/game.php?id=503305"]
[Date "2008.12.5"]
[Round "2"]
[White "iggis"]
[Black "bacana"]
[Result "1-0"]
[WhiteElo "2260"]
[BlackElo "2113"]

1. e4 e5 2. Nf3 Nc6 3. Bb5 a6 4. Ba4 Nf6 5. O-O b5 6. Bb3 Be7 7. Re1 d6 8. c3
O-O 9. h3 Na5 10. Bc2 c5 11. d4 Qc7 12. Nbd2 Bd7 13. Nf1 Rfe8 14. Ne3 g6 15. Bd2
Bf8 16. Rc1 Nc6 17. Bb1 Bg7 18. b3 exd4 19. cxd4 Qb6 20. Bc3 Qa7 21. dxc5 dxc5
22. Nd5 Nxd5 23. Bxg7 Kxg7 24. Qxd5 Re7 25. Rxc5 Qb6 26. Rec1 Na5 27. Qxa8 1-0

[Event "AUTO-MASTER-560"]
[Site "http://www.queenalice.com/game.php?id=503306"]
[Date "2008.12.5"]
[Round "2"]
[White "bacana"]
[Black "iggis"]
[Result "0-1"]
[WhiteElo "2121"]
[BlackElo "2252"]

1. d4 Nf6 2. c4 g6 3. Nc3 Bg7 4. e4 d6 5. Nf3 O-O 6. Be2 e5 7. O-O Nc6 8. d5 Ne7
9. b4 Nh5 10. a4 Nf4 11. Bxf4 exf4 12. Rc1 f5 13. Nd4 fxe4 14. Nxe4 Nf5 15. Nxf5
Bxf5 16. f3 Qe7 17. Bd3 a5 18. b5 Bd4+ 19. Kh1 Be3 20. Rc2 Rae8 21. Qa1 Qh4 22.
Qc3 b6 23. Re2 Re5 24. Bc2 Bxe4 25. Bxe4 Qxh2+ 0-1

[Event "AUTO-MASTER-586"]
[Site "http://www.queenalice.com/game.php?id=524297"]
[Date "2009.1.17"]
[Round "2"]
[White "REZENDEBRASIL"]
[Black "iggis"]
[Result "0-1"]
[WhiteElo "2119"]
[BlackElo "2292"]

1. Nf3 Nf6 2. c4 g6 3. Nc3 Bg7 4. d4 O-O 5. e4 d6 6. h3 e5 7. d5 Na6 8. Be3 Nh5
9. Be2 Nf4 10. O-O Nxe2+ 0-1

[Event "AUTO-MASTER-586"]
[Site "http://www.queenalice.com/game.php?id=524299"]
[Date "2009.1.17"]
[Round "2"]
[White "Alexandrovinsk"]
[Black "iggis"]
[Result "0-1"]
[WhiteElo "2123"]
[BlackElo "2285"]

1. e4 c5 2. Nf3 d6 3. d4 cxd4 4. Nxd4 Nf6 5. Nc3 a6 6. Bg5 e6 7. f4 Qc7 8. Qf3
Be7 9. g4 Nbd7 10. O-O-O b5 11. Bxf6 Nxf6 12. g5 Nd7 13. f5 Nc5 14. f6 gxf6 15.
gxf6 Bf8 16. Rg1 h5 17. Bh3 b4 18. Nce2 Bb7 19. Rg7 Bxe4 20. Qg3 h4 21. Qe3 d5
22. c3 Bxg7 23. fxg7 Rg8 24. Qh6 bxc3 25. Nxc3 Qxh2 26. Bf1 Rb8 27. b3 Rxb3 28.
Rd2 Rxc3+ 29. Kd1 Qg1 30. Qf4 Bf3+ 31. Nxf3 Qxf1+ 0-1

[Event "AUTO-MASTER-586"]
[Site "http://www.queenalice.com/game.php?id=524300"]
[Date "2009.1.17"]
[Round "2"]
[White "iggis"]
[Black "Alexandrovinsk"]
[Result "1-0"]
[WhiteElo "2279"]
[BlackElo "2093"]

1. e4 e6 2. d4 d5 3. Nc3 Nf6 4. e5 Nfd7 5. f4 a6 6. Nf3 c5 7. Be3 Nc6 8. Be2 Be7
9. O-O cxd4 10. Nxd4 Nxd4 11. Bxd4 O-O 12. Qd2 Qc7 13. Qe3 b5 14. a3 f5 15. exf6
Nxf6 16. Rae1 Bd7 17. f5 Bd6 18. fxe6 Bxh2+ 19. Kh1 Bc6 20. e7 Rf7 21. Bh5 g6
22. Rxf6 Rxf6 23. Bxf6 1-0

[Event "AUTO-ELITE-322"]
[Site "http://www.queenalice.com/game.php?id=570909"]
[Date "2009.4.12"]
[Round "1"]
[White "iggis"]
[Black "gero79"]
[Result "1/2-1/2"]
[WhiteElo "2339"]
[BlackElo "2273"]

1. e4 c5 2. d4 cxd4 3. c3 dxc3 4. Nxc3 Nc6 5. Nf3 Nf6 6. Bc4 e6 7. O-O Nxe4 8.
Nxe4 d5 9. Bd3 dxe4 10. Bxe4 Qxd1 11. Rxd1 Bd7 12. Ng5 Rd8 13. Nxh7 Be7 14. Ng5
Rh4 15. g3 Rg4 16. f4 Bxg5 17. Bf3 e5 18. fxg5 Rb4 19. Re1 Kf8 20. b3 Nd4 21.
Ba3 Nxf3+ 22. Kf2 Nxe1 23. Bxb4+ Ke8 24. Rxe1 f6 25. Rd1 Rc8 26. gxf6 gxf6 27.
Rd6 Rc2+ 28. Ke3 a5 29. Bxa5 Rxa2 30. Bd2 Ra6 31. Rxa6 bxa6 32. Kf3 1/2-1/2

[Event "AUTO-ELITE-322"]
[Site "http://www.queenalice.com/game.php?id=570910"]
[Date "2009.4.12"]
[Round "1"]
[White "gero79"]
[Black "iggis"]
[Result "1/2-1/2"]
[WhiteElo "2275"]
[BlackElo "2337"]

1. e4 c5 2. Nf3 d6 3. d4 cxd4 4. Nxd4 Nf6 5. Nc3 a6 6. Be2 e5 7. Nf3 Be7 8. O-O
O-O 9. Be3 Ng4 10. Bc1 Nf6 11. Be3 Ng4 12. Bc1 Be6 13. Nd5 Nf6 14. Nxf6+ Bxf6
15. Qd3 Be7 16. Rd1 Nd7 17. Be3 Qc7 18. Ng5 Bxg5 19. Bxg5 Nc5 20. Qc3 Rac8 21.
Bf3 f5 22. exf5 Bxf5 23. Be3 Qf7 24. Qb4 Qg6 25. Qb6 e4 26. Rxd6 Ne6 27. Bd1 Bh3
28. g3 Qf7 29. Qb3 Rcd8 1/2-1/2

[Event "AUTO-ELITE-322"]
[Site "http://www.queenalice.com/game.php?id=570911"]
[Date "2009.4.12"]
[Round "1"]
[White "iggis"]
[Black "PackoJones"]
[Result "1-0"]
[WhiteElo "2333"]
[BlackElo "2436"]

1. e4 c5 2. Nf3 d6 3. d4 cxd4 4. Nxd4 Nf6 5. Nc3 a6 6. Bg5 Nc6 7. f4 Qb6 8. Nb3
Be6 9. Bxf6 exf6 10. Nd5 Bxd5 11. exd5 Ne7 12. Qf3 g6 13. O-O-O Bg7 14. Bd3 f5
15. Rhe1 Qc7 16. Rd2 O-O 17. Rde2 Bf6 18. h3 h5 19. c3 b5 20. g4 hxg4 21. hxg4
fxg4 22. Qxg4 Nxd5 23. Be4 Nxc3 24. bxc3 d5 25. Bc2 Qxc3 26. Re3 Qc6 27. Kd1
Rac8 28. Bd3 d4 29. R3e2 Rc7 30. Rg1 Rfc8 31. f5 g5 32. Qh5 Qd6 33. Rxg5+ Bg7
34. Rxg7+ 1-0

[Event "AUTO-ELITE-322"]
[Site "http://www.queenalice.com/game.php?id=570912"]
[Date "2009.4.12"]
[Round "1"]
[White "PackoJones"]
[Black "iggis"]
[Result "1-0"]
[WhiteElo "2439"]
[BlackElo "2348"]

1. e4 c5 2. c3 d5 3. exd5 Qxd5 4. d4 Nf6 5. Na3 a6 6. Nf3 Bg4 7. Be2 cxd4 8.
cxd4 Nc6 9. O-O Rd8 10. Nc2 Qe4 11. Re1 e6 12. Bd2 Bd6 13. h3 Bh5 14. Qc1 Bg6
15. Bd1 Qd3 16. Re3 Qf5 17. Nh4 Qb5 18. Rb3 Qd5 19. Nxg6 hxg6 20. Bc3 Kf8 21.
Bf3 Qf5 22. Ne1 Rc8 23. g4 Qf4 24. Qxf4 Bxf4 25. Kg2 Rc7 26. Nd3 g5 27. Bxc6
Rxc6 28. Rxb7 Nd5 29. Nb4 Nxb4 30. Bxb4+ Kg8 31. Bc5 e5 32. Re1 Rhh6 33. b4 exd4
34. Bxd4 Rhd6 35. Bc5 Rf6 36. a4 Kh7 37. Ree7 Kg6 38. Rbd7 1-0

[Event "QA-ANNIV-04"]
[Site "http://www.queenalice.com/game.php?id=578097"]
[Date "2009.4.26"]
[Round "5"]
[White "Chuzete"]
[Black "iggis"]
[Result "1-0"]
[WhiteElo "2260"]
[BlackElo "2335"]

1. e4 c5 2. Nf3 d6 3. d4 cxd4 4. Nxd4 Nc6 5. Nc3 Nf6 6. Bc4 e6 7. Bb3 Be7 8. Be3
O-O 9. Qe2 Na5 10. O-O-O e5 11. Nf5 Nxb3+ 12. axb3 Bxf5 13. exf5 d5 14. Bg5 Qa5
15. Qxe5 Rfe8 16. Kb1 Bb4 17. Qd4 Bxc3 18. bxc3 Ne4 19. Bd2 Rac8 20. Rhe1 h6 21.
Kb2 a6 22. g4 Qb5 23. f3 Nxd2 24. Rxe8+ Qxe8 25. Rxd2 Qc6 26. Rd3 Rd8 27. c4 b5
28. cxd5 Qd6 29. f4 Re8 30. g5 h5 31. f6 g6 32. Re3 1-0

[Event "QA-ANNIV-04"]
[Site "http://www.queenalice.com/game.php?id=695069"]
[Date "2009.12.9"]
[Round "7"]
[White "plexus"]
[Black "iggis"]
[Result "1-0"]
[WhiteElo "2520"]
[BlackElo "2328"]

1. e4 c5 2. Nf3 d6 3. d4 cxd4 4. Nxd4 Nf6 5. Nc3 a6 6. Be2 e5 7. Nb3 Be6 8. O-O
Be7 9. f4 exf4 10. Nd4 g5 11. g3 Bh3 12. Rf3 Rg8 13. Kh1 d5 14. gxf4 g4 15. Rxh3
gxh3 16. e5 Ne4 17. Nxe4 dxe4 18. e6 fxe6 19. Bh5+ Kd7 20. Bf7 Kc8 21. Bxe6+ Nd7
22. Be3 Rg6 23. Bxh3 Bc5 24. Qh5 Kb8 25. Rd1 1-0